| 000 | 00501ntaaa2200193 4500 | ||
|---|---|---|---|
| 003 | 01 | ||
| 005 | 20251027202142.0 | ||
| 008 | 0714s1973 ag 01 | ||
| 040 |
_aAR-BaBN _bspa _cAR-BaBN _eaacr _dRIC |
||
| 082 | _a264.0000 L46 | ||
| 245 | _aThe Cokesbury marriage manual | ||
| 250 | _a1 ed. | ||
| 260 |
_aNew York : _bAbingdon Press, _cc1959 |
||
| 300 | _a171 p | ||
| 650 |
_amanual-casamientos _920016 |
||
| 650 |
_acasamientos-manual de _920017 |
||
| 700 |
_aLeach, William H. _918251 |
||
| 942 | _cBK | ||
| 999 |
_c16480 _d16480 |
||